00279nam a2200121Ia 45000030006000000080041000060400015000471000017000622450017000792600032000965460012001280050017001400STCL150530s9999 xx 000 0 und d aSTCLcSTCL aGeorge Eliot aSilas marner bUniversity of Calicutc1992 aEnglish20220125171041.0